000 01893cam a2200169 4500500
005 20251228051729.0
041 _afre
042 _adc
100 1 0 _aMichael, Lizette
_eauthor
245 0 0 _aLa contribution du CAFRAD à l'administration publique africaine
260 _c2005.
500 _a12
520 _aRésuméCet article cherche à analyser la mission du Centre africain de formation et de recherche administratives pour le développement (CAFRAD). Nous y donnons un aperçu des activités dans les domaines de la formation, de la recherche, de la consultation, de l’information et de la publication, examinons les réalisations et soulignons les difficultés rencontrées par le CAFRAD dans la mise en œuvre de ses travaux. Nous concluons l’article en évoquant la voie à suivre et les perspectives possibles pour un CAFRAD plus efficace et plus fort au 21ème siècle, capable de contribuer efficacement à l’amélioration de l’administration publique africaine.
520 _aThe contribution of CAFRAD to public administration in AfricaThis article attempts to provide an analysis of the mission of the African Training and Research Centre in Administration for Development (CAFRAD). It presents an overview of the Centre’s activities in training, research, consultancy, information and publication, assesses its achievements and highlights the constraints which CAFRAD faced in the implementation of its work. The article concludes with the way forward and prospects for a better and stronger CAFRAD in the 21st century, one which will contribute effectively to the improvement of African public administration.
786 0 _nRevue Internationale des Sciences Administratives | 71 | 2 | 2005-06-01 | p. 347-357 | 0303-965X
856 4 1 _uhttps://droit.cairn.info/revue-internationale-des-sciences-administratives-2005-2-page-347?lang=fr&redirect-ssocas=7080
999 _c1582118
_d1582118